Kine oseli nochala : naola bami.

-д хадгалсан:
Номзүйн дэлгэрэнгүй
Байгууллагын зохиогчид: Coordinación Estatal de la Tarahumara. Oficina de Estudios Especiales y Educación, México. Secretaría de Educación Pública. Dirección General de Educación Indígena
Формат: Ном
Хэвлэл:4a edición
Нөхцлүүд:
Шошгууд: Шошго нэмэх
Шошго байхгүй, Энэхүү баримтыг шошголох эхний хүн болох!

MARC

LEADER 00000nam^a2200000^u^4500
001 000499725
005 20250521000000.0
008 071101s1000^^^^^^^^^^^^r^^^^^000^0^spa^d
009 20260310125727.368
035 |a FCE 000043777 
037 |a Acervo ITESO - Biblioteca 
041 |a tara spa 
082 0 4 |a 497.45  |b COOR Grado 4 T.I 
110 |a Coordinación Estatal de la Tarahumara. Oficina de Estudios Especiales y Educación 
245 1 0 |a Kine oseli nochala :  |b naola bami. 
246 2 |a También se conoce como Mi libro :  |b cuarto grado. Tomo I 
250 |a 4a edición 
264 |a Chihuahua, México :  |b SEP : DGEI : Coordinación Estatal de la Tarahumara,  |c 1995. 
300 |a 254 p.,  |b il., byn 
336 |a texto  |b txt  |2 rdacontenido 
337 |a sin mediación  |b n  |2 rdamedio 
338 |a volumen  |b nc  |2 rdasoporte 
649 |a XX 
650 |a Materias de estudio 
650 |a Medio rural 
650 |a Libros de texto 
650 |a Lenguas indígenas 
650 |a Educación primaria 
650 |a Tradiciones y costumbres 
650 |a Tarahumara (Idioma) 
650 |a México 
710 |a México. Secretaría de Educación Pública. Dirección General de Educación Indígena 
910 |a Fondo Centro de Estudios Educativos 
920 |a Impresos - Libros 
930 |a Fondos Especiales 
905 |a 133 
901 |a ALE051047  |b IT2  |c CEE  |u 20250521 
902 |a https://opac.biblio.iteso.mx/vufind/Record/000499725